Grundwissen Politik: Kanzlerkandidaten - Sudden Death - Statistiken

Allgemein
  • Dieses Quiz wurde 1.221 mal gespielt
    1.220 seit der letzten Aktualisierung
  • Das Durchschnittsergebnis liegt bei 4 aus 15
Answers on the Grid
Answers color-coded by a green-red scale on the quiz's grid according to % correct below.
Armin Laschet
Frank-Walter Steinmeier
Guido Westerwelle
Franz Josef Strauß
Boris Pistorius
Annalena Baerbock
Klaus Kinkel
Martin Schulz
Joschka Fischer
Peer Steinbrück
Hans Dietrich Genscher
Helmut Schmidt
Edmund Stoiber
Walter Scheel
Rainer Barzel
Kurt Schumacher
Manfred Wörner
Oskar Lafontaine
Rudolf Scharping
Angela Merkel
Sigmar Gabriel
Hans-Jochen Vogel
Erich Ollenhauer
Christian Wulff
Björn Engholm
Johannes Rau
Peter Struck
Jürgen Möllemann
Egon Bahr
Gustav Stresemann
 
Antwortstatistiken
Antwort % Korrekt
Armin Laschet
52%
Annalena Baerbock
49%
Martin Schulz
40%
Frank-Walter Steinmeier
33%
Edmund Stoiber
30%
Franz Josef Strauß
30%
Peer Steinbrück
28%
Guido Westerwelle
26%
Oskar Lafontaine
24%
Rudolf Scharping
18%
Rainer Barzel
16%
Kurt Schumacher
15%
Hans-Jochen Vogel
14%
Johannes Rau
14%
Erich Ollenhauer
12%
Keine übereinstimmenden Quizze gefunden
Verteilung der Resultate
Anzahl Personen mit jedem Resultat
Perzentil nach korrekt beantworteten Fragen
Ihre Resultats-Entwicklung
Sie haben dieses Quiz seit der letzten Aktualisierung nicht gespielt